Tesoro de la Lengua Castellano Española (Record no. 21842)

MARC details
000 -LEADER
campo de control de longitud fija 00359nam a2200145Ia 4500
005 - FECHA Y HORA DE LA ÚLTIMA TRANSACCIÓN
campo de control 20251222144857.0
008 - DATOS DE LONGITUD FIJA--INFORMACIÓN GENERAL
campo de control de longitud fija 251222s9999||||xx |||||||||||||| ||spa||
020 ## - NÚMERO INTERNACIONAL ESTÁNDAR DEL LIBRO
Número Internacional Estándar del Libro 849000899
082 ## - NÚMERO DE LA CLASIFICACIÓN DECIMAL DEWEY
Número de clasificación 463/C86
100 ## - ENTRADA PRINCIPAL--NOMBRE DE PERSONA
Nombre de persona Covarrubias, Sebastián de
245 #0 - MENCIÓN DEL TÍTULO
Título Tesoro de la Lengua Castellano Española
250 ## - MENCION DE EDICION
Mención de edición 3ra. ed.
264 ## - PRODUCCIÓN, PUBLICACIÓN, DISTRIBUCIÓN, FABRICACIÓN Y COPYRIGHT
Nombre del de productor, editor, distribuidor, fabricante Alta Fulla
942 ## - ELEMENTOS DE ENTRADA SECUNDARIOS (KOHA)
Tipo de ítem Koha Libros
Holdings
Estatus retirado Estado de pérdida Estado de daño No para préstamo Biblioteca de origen Biblioteca actual Ubicación en estantería Fecha de adquisición Total de préstamos Signatura topográfica completa Código de barras Visto por última vez Precio de reemplazo Tipo de ítem Koha
        Biblioteca Central Biblioteca Central Programa 22/12/2025   463/C86 0036931 22/12/2025 22/12/2025 Libros